00543nam a2200133Ia 4500008004100000100002300041245006500064245012500129260005300254260001800307300000800325650001500333856006100348170221s9999 xx 000 0 und d aIuliia I. Doronina aHuman Resource Management Features of an Innovative Cluster  cIuliia I. Doronina, Natalia N. Kulikova, Oleg A. Razzhivin, Yuri Y. Kostyukhin, Dmitry S. Silnov, Natalya A. Sadovnikova bInternational Review of Management and Marketing cDecember 2014 a6:2 xMarketing. uhttp://www.econjournals.com/index.php/irmm/issue/view/86